7 wonders of the Modern World - Statistics

General Stats
  • This quiz has been taken 1,034 times
    1,023 since last reset
  • The average score is 5 of 8
Answer Stats
Hint Answer % Correct
1 China Great Wall
91%
7 India Taj Mahal
82%
8 Egypt (Honorary Candidate Great Pyramid of Giza
79%
2 Jordan Petra
65%
3 Brazil Christ the Redeemer
63%
6 Italy Colosseum
58%
4 Peru Machu Picchu
56%
5 Mexico Chichen Itza
45%
No matching quizzes found
Score Distribution
Percent of People with Each Score
Percentile by Number Answered
Your Score History
You have not taken this quiz since the last reset